Report on Fish culture prospects in the collair lake : (Record no. 832142)

MARC details
000 -LEADER
fixed length control field 00887nam a2200289 a 4500
001 - CONTROL NUMBER
control field vtls001409817
003 - CONTROL NUMBER IDENTIFIER
control field NLI
005 - DATE AND TIME OF LATEST TRANSACTION
control field 20210627105228.0
008 - FIXED-LENGTH DATA ELEMENTS--GENERAL INFORMATION
fixed length control field 121127s1977 ii 000 0 eng d
039 #9 - LEVEL OF BIBLIOGRAPHIC CONTROL AND CODING DETAIL [OBSOLETE]
-- 201211272109
-- VLOAD
040 0# - CATALOGING SOURCE
Original cataloging agency NLI
Language of cataloging eng
Transcribing agency Entertech IOD - 2013
Description conventions AACR2
041 0# - LANGUAGE CODE
Language code of text/sound track or separate title eng
044 ## - COUNTRY OF PUBLISHING/PRODUCING ENTITY CODE
MARC country code ii
082 04 - DEWEY DECIMAL CLASSIFICATION NUMBER
Classification number 639.2
100 1# - MAIN ENTRY--PERSONAL NAME
Personal name Saha, G. N.
9 (RLIN) 945906
245 10 - TITLE STATEMENT
Title Report on Fish culture prospects in the collair lake :
Remainder of title survey report no.6 /
Statement of responsibility, etc. G. N. Saha and N. G. S. Rao
260 ## - PUBLICATION, DISTRIBUTION, ETC.
Place of publication, distribution, etc. Barrackpore:
Name of publisher, distributor, etc. Central Inland Fisheries Research Institute,
Date of publication, distribution, etc. 1977
300 ## - PHYSICAL DESCRIPTION
Extent 05 p. ;
Dimensions 27 cm.
700 1# - ADDED ENTRY--PERSONAL NAME
Personal name Rao, N. G. S,
Relationship jt. aut
9 (RLIN) 945907
710 1# - ADDED ENTRY--CORPORATE NAME
Corporate name or jurisdiction name as entry element ICAR(New Delhi, India)
9 (RLIN) 945908
887 ## - NON-MARC INFORMATION FIELD
Content of non-MARC field
901 ## - LOCAL DATA ELEMENT A, LDA (RLIN)
a 84861 date
b 03.11.1977
902 ## - LOCAL DATA ELEMENT B, LDB (RLIN)
a GP 639.2 Sa19
949 ## - LOCAL PROCESSING INFORMATION (OCLC)
-- VIRTUAITEM
-- 10000
-- 100
6 IOD000084861ENG
942 ## - ADDED ENTRY ELEMENTS (KOHA)
Source of classification or shelving scheme Dewey Decimal Classification
Koha item type Books
Holdings
Withdrawn status Lost status Damaged status Not for loan Collection code Home library Current library Shelving location Date acquired Total Checkouts Full call number Barcode Date last seen Price effective from Koha item type
        Government Publications National Library of India National Library of India Annexe Reading Room & Stack Division     GP 639.2 Sa19 IOD000084861ENG 27/06/2021 27/06/2021 Books
                                                                           
web counter

Copyright ©2020 The National Library of India, Govt. of India ↔ Hosted by NVLI, MOC ↔ Technology and Design by National Library of India, Ministry of Culture, Govt. of India